[Event "SVR op"]
[Site "Lahnstein"]
[Date "2019.04.14"]
[Round "3"]
[White "Schneider, Fynn"]
[Black "Lenz, Jonathan"]
[Result "0-1"]
[WhiteElo "1061"]
[BlackElo "1044"]
[PlyCount "42"]
[EventDate "2019.04.13"]
[EventType "swiss"]
[EventRounds "7"]
[EventCountry "GER"]
[SourceTitle "EXT 2021"]
[Source "ChessBase"]
[SourceDate "2020.10.23"]
[SourceVersion "1"]
[SourceVersionDate "2020.10.23"]
[SourceQuality "1"]

1. e4 e6 2. d4 d5 3. exd5 exd5 4. Nf3 Bf5 5. Bf4 Nc6 6. Nc3 Bd6 7. Bxd6 Qxd6 8. Be2 0-0-0 9. 0-0 Nf6 10. Ng5 Qe7 11. Re1 Ne4 12. Ncxe4 dxe4 13. Nh3 Bxh3 14. gxh3 Nxd4 15. Bd3 Qg5+ 16. Kh1 exd3 17. cxd3 Rhe8 18. Rxe8 Rxe8 19. Qa4 Qd5+ 20. Kg1 Ne2+ 21. Kf1 Qh1# 0-1